Movies Quiz

Random Movies or Actor Quiz

Actor-Character Mix II Quiz Stats

Quiz Updated Jul 25, 2015

Challenge
Share
Tweet
Score 0/25 Timer 03:00
9 Plays Today
% Correct
Angelina Croft
98.2%
Daniel Potter
97.8%
Adam Gilmore
97.6%
Michael J. McFly
97.3%
Matt Bourne
96.6%
Mike Powers
96.3%
Elijah Baggins
96.2%
Ewan Kenobi
96.2%
Sean Bond
95.9%
Christian Wayne
95.5%
Robert Holmes
95.1%
Orlando Greenleaf
94.8%
Jennifer Everdeen
94.2%
% Correct
William Kirk
93.4%
Samuel L. Fury
93.3%
Russell Decimus Meridius
91.7%
Carrie Organa
89.8%
Robert Cullen
87.2%
Julia Ward
85.4%
Linda Connor
84.2%
Vanessa Montez
83.2%
Steve Stitzer
82.6%
James Xavier
82.4%
Roy Brody
78.1%
Sam Beeblebrox
74.3%

You're not logged in!

Compare scores with friends on all Sporcle quizzes.
Sign Up with Email
OR
Log In

You Might Also Like...

Show Comments

Extras

Top Quizzes Today


Score Distribution

Your Account Isn't Verified!

In order to create a playlist on Sporcle, you need to verify the email address you used during registration. Go to your Sporcle Settings to finish the process.

Report this User

Report this user for behavior that violates our Community Guidelines.

Details: